书目信息 |
| 题名: |
义务教育物理课程标准
|
|
| 作者: | ;教育部 制定 | |
| 分册: | ||
| 出版信息: | 北京 北京师范大学出版社 2022 |
|
| 页数: | 64页 | |
| 开本: | 26cm | |
| 丛书名: | ||
| 单 册: | ||
| 中图分类: | G633.73 , G632.3 | |
| 科图分类: | ||
| 主题词: | 中学物理课--课程标准--初中 | |
| 电子资源: | ||
| ISBN: | 978-7-303-27592-2 | |
| 000 | 00804nam0 2200241 450 | |
| 001 | 012024000951 | |
| 005 | 20241120093017.73 | |
| 010 | @a978-7-303-27592-2@dCNY13.00 | |
| 100 | @a20241119d2022 em y0chiy50 ea | |
| 101 | 0 | @achi |
| 102 | @aCN@b110000 | |
| 105 | @aa z 000yy | |
| 106 | @ar | |
| 200 | 1 | @a义务教育物理课程标准@Ayi wu jiao yu wu li ke cheng biao zhun@e2022年版@f中华人民共和国教育部制定 |
| 210 | @a北京@c北京师范大学出版社@d2022 | |
| 215 | @a64页@c图@d26cm | |
| 330 | @a本书共分六部分,内容包括:课程性质、课程理念、课程目标、课程内容、学业质量、课程实施。 | |
| 606 | 0 | @a中学物理课@x课程标准@x初中 |
| 690 | @aG633.73@v5 | |
| 690 | @aG632.3@v4 | |
| 711 | 02 | @a教育部@Ajiao yu bu@4制定 |
| 801 | 0 | @aCN@bAHXH@c20241119 |
| 905 | @b214173749@b214173758@b214173767@dG632.3@e1575@f3 | |
| 义务教育物理课程标准:2022年版/中华人民共和国教育部制定.-北京:北京师范大学出版社,2022 |
| 64页:图;26cm |
| ISBN 978-7-303-27592-2:CNY13.00 |
| 本书共分六部分,内容包括:课程性质、课程理念、课程目标、课程内容、学业质量、课程实施。 |
| ● |
| 相关链接 |
|
|
|
|
正题名:义务教育物理课程标准
索取号:G632.3/1575
 
预约/预借
| 序号 | 登录号 | 条形码 | 馆藏地/架位号 | 状态 | 备注 |
| 1 | 1417374 | 214173749 | 第一样本阅览室/ [索取号:G632.3/1575] | 在馆 | |
| 2 | 1417375 | 214173758 | 第四借阅区/ [索取号:G632.3/1575] | 在馆 | |
| 3 | 1417376 | 214173767 | 第四借阅区/ [索取号:G632.3/1575] | 在馆 |